|
|
|
|
| LEADER |
01472nam a2200301 a 4500 |
| 001 |
0017201 |
| 003 |
BD-DhAAL |
| 008 |
090816s1997 enka b 001 0 eng d |
| 010 |
|
|
|a 96016202
|
| 020 |
|
|
|a 0521555124 (hardcover)
|
| 020 |
|
|
|a 0521555248 (pbk.)
|
| 040 |
|
|
|a DLC
|c DLC
|d DLC
|d BD-DhAAL
|
| 082 |
0 |
0 |
|a 418.007
|2 20
|
| 100 |
1 |
|
|a Markee, Numa.
|9 58391
|
| 245 |
1 |
0 |
|a Managing curricular innovation /
|c Numa Markee.
|
| 260 |
|
|
|a Cambridge [England] ;
|a New York :
|b Cambridge University Press,
|c 1997.
|
| 300 |
|
|
|a xi, 227 p. :
|b ill. ;
|c 24 cm
|
| 490 |
0 |
|
|a Cambridge language teaching library
|
| 504 |
|
|
|a Includes bibliographical references (p. 195-208) and index.
|
| 526 |
|
|
|a ENH
|x Shenin Ziauddin and Nazia Husain
Faculty Members of BRAC University
|
| 541 |
1 |
|
|e 00017201
|a Friends' Book Corner
|
| 650 |
|
0 |
|a Language and languages
|x Study and teaching.
|
| 650 |
|
0 |
|a Curriculum change.
|
| 852 |
4 |
|
|a Ayesha Abed Library
|c General Stacks
|
| 942 |
|
|
|2 ddc
|c BK
|
| 999 |
|
|
|c 3158
|d 3158
|
| 952 |
|
|
|0 0
|1 0
|2 ddc
|4 0
|6 418_007000000000000_MAR_1997
|7 0
|9 2862
|a BRACUL
|b BRACUL
|c GEN
|d 2009-08-30
|e Friends' Book Corner
|g 2356.00
|l 4
|m 8
|o 418.007 MAR
|p 3010017201
|r 2016-08-18
|s 2015-08-11
|t 1
|w 2009-08-30
|y BK
|x Requisitioned by Shenin Ziauddin and Nazia Husain (Faculty Members of BRAC University)
|
| 952 |
|
|
|0 0
|1 0
|2 ddc
|4 0
|6 418_007000000000000_MAR
|7 0
|9 20768
|a BRACUL
|b BRACUL
|c GEN
|d 2012-07-19
|e Riza Enterprize
|g 457.00
|l 4
|m 5
|o 418.007 MAR
|p 3010025588
|r 2019-02-20
|s 2019-02-04
|t 2
|w 2012-07-19
|y BK
|